000
00302nam a22001337a 4500
008
181102b xxu||||| |||| 00| 0 eng d
020
_a
9780070407237
041
_a
eng
080
_a
701
100
_a
45
101
_a
ART
245
_a
The Humanities through the Arts
_c
Martin, F.D
942
_2
udc
_c
BK
999
_c
51683
_d
51683